Strategic Applications of Named Reactions in Organic Synthesis - CD-Rom

Salvato in:
Dettagli Bibliografici
Autore principale: Kürti, László
Natura: Software Libro
Lingua:inglese
Pubblicazione: Elsevier
Soggetti:
Accesso online:Visualizza in OPAC
Tags: Aggiungi Tag
Nessun Tag, puoi essere il primo ad aggiungerne!!

MARC

LEADER 00000nam a2200000 a 4500
005 20260127133940.0
007 co ugu
008 120914 000 0 eng d
020 |a 0123694825 
035 |a vtls010450156 
039 9 |y 201209141020  |z mschk03 
040 |a STUSCHK1  |b slo  |c STUSCHK1  |e AACR2 
080 |a 547/.2 
100 1 |a Kürti, László 
245 1 |a Strategic Applications of Named Reactions in Organic Synthesis - CD-Rom  |c László Kürti, Barbara Czakó 
260 |b Elsevier 
300 |a 1 elektronický disk 
650 0 |a Organic compounds 
650 0 |a organic synthesis 
650 0 |a Chemistry 
910 |a SCHK95 
919 |a 0-12-369482-5 
999 |c 689  |d 689